书目信息 |
| 题名: |
女性保健误区
|
|
| 作者: | 马德美 , 魏德娥 , 朱琳 主编 | |
| 分册: | ||
| 出版信息: | 赤峰 内蒙古科学技术出版社 2004.05 |
|
| 页数: | 225页 | |
| 开本: | 21cm | |
| 丛书名: | 家庭保健误区丛书 | |
| 单 册: | ||
| 中图分类: | R173 | |
| 科图分类: | ||
| 主题词: | 妇女保健学--fu nu bao jian xue--基本知识 | |
| 电子资源: | ||
| ISBN: | 7-5380-1161-7 | |
| 000 | 01023nam 2200277 450 | |
| 001 | 012008731984 | |
| 005 | 20080424101311.89 | |
| 010 | @a7-5380-1161-7@dCNY14.80 | |
| 100 | @a20080424d2004 km y0chiy0120 ea | |
| 101 | 0 | @achi |
| 102 | @aCN@b150000 | |
| 105 | @ay z 000yy | |
| 106 | @ar | |
| 200 | 1 | @a女性保健误区@Anu xing bao jian wu qu@f朱琳, 马德美, 魏德娥主编@Fzhu lin,ma de mei,wei de e zhu bian |
| 210 | @a赤峰@c内蒙古科学技术出版社@d2004.05 | |
| 215 | @a225页@d21cm | |
| 225 | 2 | @a家庭保健误区丛书@Ajia ting bao jian wu qu cong shu |
| 330 | @a该书从青春期、孕产期、更年期和妇科肿瘤等方面,就女性保健方面普遍存在的问题进行了详细的论述。书中分为青春期保健误区、妊娠期保健误区、产时产后保健误区等五篇内容。 | |
| 410 | 0 | @12001 @a家庭保健误区丛书 |
| 606 | 0 | @a妇女保健学@Afu nu bao jian xue@x基本知识 |
| 690 | @aR173@v4 | |
| 701 | 0 | @a马德美@Ama de mei@4主编 |
| 701 | 0 | @a魏德娥@Awei de e@4主编 |
| 701 | 0 | @a朱琳@Azhu lin@4主编 |
| 801 | 0 | @aCN@bQSSK@c20080424 |
| 905 | @b20701413-15@dR173@eM035@f3 | |
| 女性保健误区/朱琳, 马德美, 魏德娥主编.-赤峰:内蒙古科学技术出版社,2004.05 |
| 225页;21cm.-(家庭保健误区丛书) |
| ISBN 7-5380-1161-7:CNY14.80 |
| 该书从青春期、孕产期、更年期和妇科肿瘤等方面,就女性保健方面普遍存在的问题进行了详细的论述。书中分为青春期保健误区、妊娠期保健误区、产时产后保健误区等五篇内容。 |
| ● |
| 相关链接 |
|
|
|
正题名:女性保健误区
索取号:R173/M035
 
预约/预借
| 序号 | 登录号 | 条形码 | 馆藏地/架位号 | 状态 | 备注 |
| 1 | 701413 | 207014130 | 自科库401/401自科库 7排3列5层/ [索取号:R173/M035] | 在馆 | |
| 2 | 701414 | 207014149 | 期刊室512/401自科库 7排3列5层/ [索取号:R173/M035] | 在馆 | |
| 3 | 701415 | 207014158 | 自科库401/401自科库 7排3列5层/ [索取号:R173/M035] | 在馆 |